| 000 | 00945nam a2200181 a 4500 | ||
|---|---|---|---|
| 008 | 170727s2017 ||||||||||||||||| || u | ||
| 020 | _a9781920446666 | ||
| 050 | _aZAM K 3293 Ele | ||
| 245 | 0 | 0 |
_aElectoral justice in zambian: resolving disputes from the 2016 elections and emerging jurisprudence _cBy Electoral Institute for Sustainable Democracy in Africa (EISA) |
| 260 |
_aJohannesburg _bElectoral Institute for Sustainable Democracy in Africa (EISA) _c2017 |
||
| 300 | _aviii, 76 pages: illustrations | ||
| 650 | _aCONTESTED ELECTIONS--ZAMBIA | ||
| 650 | _aELECTIONS--ZAMBIA | ||
| 650 | _aELECTIONS DISPUTES--ZAMBIA | ||
| 650 | _aDISPUTE RESOLUTION(LAW) | ||
| 995 |
_aSPECIAL COLLECTIONS _e747729 _FCBU-MAIN LIBRARY (Kitwe) _jZAM K 3293 Ele _M2 _UAVAILABLE _WMay 29, 2019 _y747729 _ZZambiana Collection |
||
| 995 |
_aSPECIAL COLLECTIONS _e747728 _FCBU-MAIN LIBRARY (Kitwe) _jZAM K 3293 Ele _M1 _UAVAILABLE _WJul 27, 2017 _y747728 _ZZambiana Collection |
||
| 999 |
_c75782 _d75782 |
||